Quizz Acteur/Actrices ! - Statistiques

Statistiques générales
  • Ce quiz a été pris 1 211 fois
  • Le résultat moyen est 27 sur 30
Statistiques - réponses
Question Tuile Select % Correct
Qui est "Jamel Debbouze" ? Non
98%
Qui est "Jamel Debbouze" ? Non
98%
Qui est "Jamel Debbouze" ? Non
98%
Qui est "Jamel Debbouze" ? Non
98%
Qui est "Leonardo DiCaprio" ? Non
98%
Qui est "Leonardo DiCaprio" ? Non
98%
Qui est "Leonardo DiCaprio" ? Non
98%
Qui est "Will Smith" ? Non
98%
Qui est "Will Smith" ? Non
98%
Qui est "Will Smith" ? Non
98%
Qui est "Jamel Debbouze" ? Oui
97%
Qui est "Leonardo DiCaprio" ? Non
97%
Qui est "Will Smith" ? Non
97%
Qui est "Will Smith" ? Non
97%
Qui est "Jamel Debbouze" ? Non
96%
Qui est "Leonardo DiCaprio" ? Non
96%
Qui est "Leonardo DiCaprio" ? Oui
96%
Qui est "Will Smith" ? Oui
96%
Qui est "Marina Fois" ? Non
93%
Qui est "Marina Fois" ? Non
91%
Qui est "Marina Fois" ? Non
90%
Qui est "Chritopher Nolan" ? Non
90%
Qui est "Chritopher Nolan" ? Non
89%
Qui est "Chritopher Nolan" ? Non
86%
Qui est "Marina Fois" ? Non
85%
Qui est "Marina Fois" ? Non
84%
Qui est "Chritopher Nolan" ? Non
83%
Qui est "Chritopher Nolan" ? Non
79%
Qui est "Marina Fois" ? Oui
61%
Qui est "Chritopher Nolan" ? Oui
52%
Aucun quiz correspondant
Distribution des résultats
% des personnes avec chaque résultat
Percentile par nombre de réponses
Votre historique - résultats
Vous n’avez pas pris ce quiz